000 00478cam a2200193ua 4500
001 5457
008 150210n ii |||gr||||Z||||||eng
020 _a0-19-282922-X
040 _cMAIN
041 _aeng
082 _a822
100 _aKitto, H. D. F.,
_eAuthor,
245 _aAntigone oedipus the king electra
_cby H. D. F. Kitto
250 _a1st.
260 _aDelhi:
_bOxford university press,
_c1994.
300 _a178p:
_c15cm.
653 _aEnglish drama
942 _cBK
999 _c4637
_d4637